000 00515ntaaa2200181 4500
003 01
005 20251027202647.0
008 0714s1973 ag 01
040 _aAR-BaBN
_bspa
_cAR-BaBN
_eaacr
_dRIC
082 _a377.1000 Sa1
100 _aSabanes, Julio M
_926079
245 _aPensamiento cristiano evangélico frente a la enseñanza del catolicismo romano en las escuelas
250 _a1 ed.
260 _aRépublica Argentina,
_cc1944
300 _a15 p
650 _aeducación-religión
_918589
942 _cBK
999 _c21782
_d21782